ბათუმის შოთა რუსთაველის სახელმწიფო უნივერსიტეტის ბიბლიოთეკა

Оборудование химических лаборатории. (ბიბ.ჩანაწერი № 46731)

000 -LEADER
fixed length control field 00726nam a2200229Ia 4500
001 - CONTROL NUMBER
control field 13575
003 - CONTROL NUMBER IDENTIFIER
control field GE_BSU
008 - FIXED-LENGTH DATA ELEMENTS--GENERAL INFORMATION
fixed length control field 181216s||||||||xx |||||||||||||| ||und||
040 ## - CATALOGING SOURCE
Transcribing agency GE_BSU
080 ## - UNIVERSAL DECIMAL CLASSIFICATION NUMBER
Universal Decimal Classification number 541.1(035)
100 ## - MAIN ENTRY--PERSONAL NAME
Personal name Мусакин,А.П. Рачинский,Ф.Ю. Суглобова,К.Д.
245 ## - TITLE STATEMENT
Title Оборудование химических лаборатории.
245 ## - TITLE STATEMENT
Remainder of title Справочник.
245 ## - TITLE STATEMENT
Statement of responsibility, etc. Ред.: В.А.Коц, Н.Р.Либерман.
260 ## - PUBLICATION, DISTRIBUTION, ETC.
Place of publication, distribution, etc. Л.
260 ## - PUBLICATION, DISTRIBUTION, ETC.
Name of publisher, distributor, etc. Химия.
260 ## - PUBLICATION, DISTRIBUTION, ETC.
Date of publication, distribution, etc. 1978.
300 ## - PHYSICAL DESCRIPTION
Extent 480 стр. 22 см.
300 ## - PHYSICAL DESCRIPTION
Accompanying material 233 табл. 157 рис.
653 ## - INDEX TERM--UNCONTROLLED
Uncontrolled term Оборудование химических лаборатории.
942 ## - ADDED ENTRY ELEMENTS (KOHA)
Koha item type წიგნი

არაა ხელმისაწვდომი ეგზემპლარები.